The social dilemma 2020 / directed by Jeff Orlowski ; written by Davis Coombe, Vickie Curtis, Jeff Orlowski ; produced by Larissa Rhodes. (Record no. 20894)

000 -LEADER
fixed length control field 01566nam a22003257a 4500
008 - FIXED-LENGTH DATA ELEMENTS--GENERAL INFORMATION
fixed length control field 250528b xxu||||| |||| 00| 0 eng d
040 ## - CATALOGING SOURCE
Transcribing agency Cagayan State University
Description conventions RDA
082 ## - DEWEY DECIMAL CLASSIFICATION NUMBER
Classification number 791.4372
Item number So1318
245 ## - TITLE STATEMENT
Title The social dilemma 2020 / directed by Jeff Orlowski ; written by Davis Coombe, Vickie Curtis, Jeff Orlowski ; produced by Larissa Rhodes.
260 ## - PUBLICATION, DISTRIBUTION, ETC. (IMPRINT)
Place of publication, distribution, etc United States ;
Name of publisher, distributor, etc Netflix,
Date of publication, distribution, etc 2020.
300 ## - PHYSICAL DESCRIPTION
Extent 1 videofile (ca. 94 mins.) :
Other physical details sound, color.
520 ## - SUMMARY, ETC.
Summary, etc Set in the dark underbelly of Silicon Valley, "The Social Dilemma" fuses investigative documentary with enlightening narrative drama. Expert testimony from tech whistle-blowers exposes our disturbing predicament: the services Big Tech provides--search engines, networks, instant information, etc.--are merely the candy that lures us to bite. Once we're hooked and coming back for more, the real commodity they sell is their prowess to influence and manipulate us.
546 ## - LANGUAGE NOTE
Language note In English subtitle.
650 ## - SUBJECT ADDED ENTRY--TOPICAL TERM
Topical term or geographic name as entry element Documentary.
650 ## - SUBJECT ADDED ENTRY--TOPICAL TERM
Topical term or geographic name as entry element Drama.
700 ## - ADDED ENTRY--PERSONAL NAME
Personal name Harris, Tristan, star.
700 ## - ADDED ENTRY--PERSONAL NAME
Personal name Raskin, Aza, star.
700 ## - ADDED ENTRY--PERSONAL NAME
Personal name Seibert, Jeff, star.
700 ## - ADDED ENTRY--PERSONAL NAME
Personal name Rosenstein, Justin, star.
700 ## - ADDED ENTRY--PERSONAL NAME
Personal name Zuboff, Shoshana, star.
700 ## - ADDED ENTRY--PERSONAL NAME
Personal name Lanier, Jaron, star.
700 ## - ADDED ENTRY--PERSONAL NAME
Personal name Gisondo, Skyler, star.
700 ## - ADDED ENTRY--PERSONAL NAME
Personal name Hayward, Kara, star.
700 ## - ADDED ENTRY--PERSONAL NAME
Personal name Kartheiser, Vincent, star.
700 ## - ADDED ENTRY--PERSONAL NAME
Personal name Lembke, Anna, star.
700 ## - ADDED ENTRY--PERSONAL NAME
Personal name Behrens, John, cinematographer.
700 ## - ADDED ENTRY--PERSONAL NAME
Personal name Pope, Jonathan, cinematographer.
700 ## - ADDED ENTRY--PERSONAL NAME
Personal name Coombe, Davis, editor.
942 ## - ADDED ENTRY ELEMENTS (KOHA)
Source of classification or shelving scheme
Item type Audio-Visual Materials
Holdings
Source of acquisition Price effective from Permanent location Date last seen Not for loan Date acquired Source of classification or shelving scheme Koha item type Collection code Shelving location Damaged status Lost status Withdrawn status Current location Full call number
Donation2025-05-28Cagayan State University - Carig Library2025-05-28 2025-05-28 Audio-Visual MaterialsElectronic Media CenterElectronic Media Center   Cagayan State University - Carig Library791.4372 So1318

Cagayan State University University Library, Carig Campus
Tuguegarao City, Cagayan 3500 | www.csucarig.edu.ph

Powered by Koha